Central London residential development survey. - Spring 2000 (Record no. 100578)

MARC details
000 -LEADER
fixed length control field 00518cam a2200193 4500
001 - CONTROL NUMBER
control field J106565
008 - FIXED-LENGTH DATA ELEMENTS--GENERAL INFORMATION
fixed length control field 000000n2000 000 0 eng u
035 ## - SYSTEM CONTROL NUMBER
System control number (Sirsi) u106565
050 ## - LIBRARY OF CONGRESS CALL NUMBER
Classification number 333.3309421
110 ## - MAIN ENTRY--CORPORATE NAME
Corporate name or jurisdiction name as entry element FPDSavills
9 (RLIN) 3625
245 ## - TITLE STATEMENT
Title Central London residential development survey. - Spring 2000
260 ## - PUBLICATION, DISTRIBUTION, ETC.
Place of publication, distribution, etc. London
Name of publisher, distributor, etc. FPDSavills
Date of publication, distribution, etc. 2000
300 ## - PHYSICAL DESCRIPTION
Extent 8p. ; 30cm.
650 ## - SUBJECT ADDED ENTRY--TOPICAL TERM
Topical term or geographic name entry element RESIDENTIAL PROPERTY
9 (RLIN) 6266
650 ## - SUBJECT ADDED ENTRY--TOPICAL TERM
Topical term or geographic name entry element NEW BUILD
650 ## - SUBJECT ADDED ENTRY--TOPICAL TERM
Topical term or geographic name entry element FORECASTS
690 ## - LOCAL SUBJECT ADDED ENTRY--TOPICAL TERM (OCLC, RLIN)
Topical term or geographic name as entry element HOUSING-DEVELOPMENT
942 ## - ADDED ENTRY ELEMENTS (KOHA)
Suppress in OPAC 0
Holdings
Withdrawn status Lost status Source of classification or shelving scheme Damaged status Not for loan Home library Current library Shelving location Date acquired Total Checkouts Full call number Barcode Date last seen Date last checked out Copy number Price effective from Koha item type
    Dewey Decimal Classification     London London Property market reports 19/06/2000 2 PROPERTY MARKET REPORTS 30061429 06/08/2019 27/10/2000 1 06/08/2019 Book